Bisztró helyett újra étterem májustól megint lesz közétkeztetés a Béké-ben /
Elmentve itt :
| Szerző: | |
|---|---|
| Dokumentumtípus: | Cikk |
| Megjelent: |
1967-04-19
|
| Sorozat: | Délmagyarország
57 No. 91 |
| Kulcsszavak: | Vendéglátás Szeged 1967, vendéglátóipar |
| Online Access: | http://dmarchiv.bibl.u-szeged.hu/69192 |
| LEADER | 00542nab a2200157 i 4500 | ||
|---|---|---|---|
| 001 | delm69192 | ||
| 005 | 20180927153720.0 | ||
| 008 | 180927s1967 hu o 0|| hun d | ||
| 040 | |a SZTE Délmagyarország Archívum |b hun | ||
| 041 | |a hun | ||
| 100 | 1 | |a Kondorosi János | |
| 245 | 1 | 0 | |a Bisztró helyett újra étterem |h [elektronikus dokumentum] : |b májustól megint lesz közétkeztetés a Béké-ben / |c Kondorosi János |
| 260 | |c 1967-04-19 | ||
| 300 | |a 5 | ||
| 490 | 0 | |a Délmagyarország |v 57 No. 91 | |
| 695 | |a Vendéglátás Szeged 1967, vendéglátóipar | ||